NBA Basketball True or False - Statistics

General Stats
  • This quiz has been taken 24,291 times
  • The average score is 13 of 15
Answer Stats
Question Answer % Correct
Every MVP so far has been born in the U.S. False
97%
Kobe Bryant wore #24 True
96%
Draymond Green punched Jordan Poole in the face during a practice True
95%
There is a former player or coach who has more NBA rings than fingers True
94%
LeBron has won a championship with 3 different teams True
94%
The tallest player in NBA history was over 8 feet tall False
92%
Michael Jordan played his entire career with the Chicago Bulls False
92%
Steph Curry has dunked in an NBA game True
92%
Kareem Abdul-Jabbar and Magic Johnson were teammates True
90%
The NBA had a 4-point line in 1984–85 season False
87%
A player can score if his inbounds pass goes directly into the basket False
82%
Florida has exactly two NBA teams True
81%
The Harlem Globetrotters used to be an NBA team False
79%
Victor Wembanyama was the first #1 pick in Spurs history False
78%
Shaquille O'Neal was the worst free throw shooter in NBA history False
59%
No matching quizzes found
Score Distribution
Percent of People with Each Score
Percentile by Number Answered
Your Score History
You have not taken this quiz